Capitales des Pays du Moyen-Orient - Statistiques

Statistiques générales
  • Ce quiz a été pris 3 217 fois
    404 depuis la dernière actualisation
  • Le résultat moyen est 18 sur 26
Statistiques - réponses
Pays Capitale % Correct
Égypte Le Caire
91%
Israël Jérusalem
90%
Iran Téhéran
88%
Turquie Ankara
86%
Arabie Saoudite Riyad
85%
Irak Bagdad
84%
Liban Beyrouth
84%
Afghanistan Kaboul
84%
Koweït Koweït
79%
Syrie Damas
77%
Qatar Doha
77%
Émirats Arabes Unis Abou Dabi
75%
Chypre Nicosie
73%
Yémen Sanaa
66%
Jordanie Amman
65%
Azerbaïdjan Bakou
62%
Pakistan Islamabad
62%
Arménie Erevan
58%
Géorgie Tbilissi
58%
Kazakhstan Astana
56%
Oman Mascate
56%
Bahreïn Manama
53%
Ouzbékistan Tachkent
42%
Kirghizistan Bichkek
39%
Turkménistan Achgabat
35%
Tadjikistan Douchanbé
32%
Aucun quiz correspondant
Distribution des résultats
% des personnes avec chaque résultat
Percentile par nombre de réponses
Votre historique - résultats
Vous n’avez pas pris ce quiz depuis la dernière actualisation